Flora de la región norte del departamento del Huila 2: (Registro nro. 2098)

Detalles MARC
000 -CABECERA
Campo de control 00899nam a2200253 a 4500
005 - FECHA Y HORA DE LA ULTIMA TRANSACCION
Campo de control 20160201162742.0
008 - ELEMENTOS DE LONGITUD FIJA—INFORMACION GENERAL
Campo de control 140304b2000 ck abodfr|||| 00| 0 spa d
020 ## - ISBN
ISBN 9589117872
040 ## - FUENTE DE CATALOGACIÓN
Agencia catalogadora original CO-BoIAVH
Agencia transcriptora CO-BoIAVH
041 0# - IDIOMA
Código de idioma para texto/pista de sonido o título separado Español
044 ## - PAÍS DE PUBLICACIÓN
País de publicación Colombia
082 04 - NUMERO DE CLASIFICACION DECIMAL DEWEY
Número de clasificación 582.09861
Número del ítem L79f
100 1# - ASIENTO PRINCIPAL--NOMBRE PERSONAL
Nombre personal Llanos Henriquez, Fany
9 (RLIN) 14576
245 10 - MENCION DE TITULO
Título Flora de la región norte del departamento del Huila 2:
Parte restante del título Municipio de Colombia /
Mención de responsabilidad Fany Llanos Henriquez
260 ## - PUBLICACION, DISTRIBUCION, ETC. (PIE DE IMPRENTA)
Lugar de publicación, distribución, etc. Neiva (Huila), Colombia :
Nombre del editor, distribuidor, etc. Universidad Surcolombiana ,
Fecha de publicación, distribución, etc. 2000.
300 ## - DESCRIPCION FISICA
Extensión 96 páginas :
Otros detalles físicos Ilustraciones, mapas, fotografías ;
Dimensiones 24 x17 cm
650 #6 - ASIENTO SECUNDARIO DE MATERIA - TERMINO TEMATICO
Término temático o nombre geográfico como elemento de entrada Flora
Subdivisión geográfica Huila (Colombia)
9 (RLIN) 56365
650 #6 - ASIENTO SECUNDARIO DE MATERIA - TERMINO TEMATICO
Término temático o nombre geográfico como elemento de entrada Flora
Subdivisión general Inventarios
9 (RLIN) 56366
650 #6 - ASIENTO SECUNDARIO DE MATERIA - TERMINO TEMATICO
Término temático o nombre geográfico como elemento de entrada Vegetación
Subdivisión de forma Clasificación
Subdivisión geográfica Huila (Colombia)
9 (RLIN) 56367
662 ## - ASIENTO SECUNDARIO DE MATERIA - JERARQUIA DEL NOMBRE DE LUGAR(
País o entidad mayor Colombia
Ciudad Rivera
Jurisdicción política de primer orden Huila
662 ## - ASIENTO SECUNDARIO DE MATERIA - JERARQUIA DEL NOMBRE DE LUGAR(
País o entidad mayor Colombia
Ciudad Palermo
Jurisdicción política de primer orden Huila
710 2# - ASIENTO SECUNDARIO - NOMBRE CORPORATIVO
Nombre corporativo o de jurisdicción como elemento de entrada Herbario SURCO
9 (RLIN) 46295
942 ## - ELEMENTOS ADICIONALES (KOHA)
Tipo de ítem Libro
Sistema de clasificación Dewey Decimal Classification
Existencias
Withdrawn status Lost status Sistema de Clasificación Damaged status No para préstamo Colección Inventariado Ubicación Permanente Ubicación actual Fecha de adquisición Fuente de Valor Valor Total Checkouts Número topográfico Inventario / Código de Barras Date last seen Ejemplar Price effective from Forma de adquisición Tipo de material
    Dewey Decimal Classification     General Inventariado 2017 Bogotá Bogotá 30/01/2001 Instituto 60000.00   LB-582.09861 L79f 002602 04/12/2012 V. 2 Ej. 1 04/12/2012   Libro
    Dewey Decimal Classification     General Inventariado 2017 Sala Fabio Quevedo Sala Fabio Quevedo 01/12/2005 Instituto 60000.00   LB-582.09861 L79f 022468 04/12/2012 V. 2 Ej. 2 04/12/2012   Libro